Environmental analysis of transportation systems

Saved in:
Bibliographic Details
Main Authors: Cohn, Louis F (Author), McVoy, Gary R (Author)
Format: Book
Language:English
Published: Nueva York John Wiley 1982
Series:Wiley Interscience Publication
Subjects:
Tags: Add Tag
No Tags, Be the first to tag this record!

MARC

LEADER 00000nam a2200000 a 4500
001 UCU3498
003 CL-VaPUC
008 960510e19820000US |||||||||||||||||eng|d
082 0 4 |a 343.093  |b COH  |2 21 
100 0 |a Cohn, Louis F  |e author  |9 360453 
700 0 |a McVoy, Gary R  |e author  |9 360454 
245 1 0 |a Environmental analysis of transportation systems 
300 |a 374 p 
942 |c BK 
945 |d 19960510 00:00:00  |a cmena 
260 |a Nueva York  |b John Wiley  |c 1982 
650 7 |a TRANSPORTE  |2 CL-VaPUC  |9 256365 
650 7 |a ORDENAMIENTOS JURIDICOS  |2 CL-VaPUC  |9 358724 
650 7 |a LEGISLACION  |2 CL-VaPUC  |9 360455 
650 0 |a Ingeniería civil  |9 260076 
650 0 |a Transportes aéreos  |9 260842 
583 |a last modification  |c 19960510 00:00:00  |k Rodrigo Vera 
490 0 |a Wiley Interscience Publication 
999 |c 247489  |d 247487 
952 |0 0  |1 0  |4 0  |6 343_093000000000000_COH_1982  |7 0  |8 A  |9 263445  |a BIBING  |b BIBING  |d 2019-11-19  |i 1651412  |o 343.093 COH 1982  |p 1651412  |r 2025-01-20  |w 2019-11-19  |y BK  |k TRA